000 00487nam a2200205Ia 4500
003 OSt
005 20221006151858.0
006 a|||||r|||| 00| 0
007 ta
008 221006b |||||||| |||| 00| 0 chi d
024 _a23,780
037 _bGift,
_cTextual
040 _aEASL
_cEASL
_bchi
041 _2chi
_achi
245 0 _aChi hai lin tsu wen chi
260 _aBeijing
_bn
_c1986
300 _a556p.
_ccm.
942 _cTEXL
_2CC
999 _c1091866
_d1091866